Start with O, ends with O - Statistics

General Stats
  • This quiz has been taken 40 times
  • The average score is 10 of 15
Answer Stats
Question Answer % Correct
US state Ohio
97%
Capital of Norway Oslo
94%
Province of Eastern Canada Ontario
86%
Resort in Florida Orlando
86%
Herb Oregano
83%
Greek prefix meaning 8 Octo
74%
Biscuit brand Oreo
74%
Aniseed flavoured Greek liqueur Ouzo
71%
Perform an activity, beyond the recommended maximum Overdo
66%
Four letter preposition Onto
57%
Go one better than somebody else Outdo
57%
A brand of beef stock cube Oxo
54%
River in Venezuela, also the name of a Womble Orinoco
51%
A lengthy choral work, usually of a religious nature Oratorio
34%
Brand of washing powder, famous in the 70s Omo
20%
No matching quizzes found
Score Distribution
Percent of People with Each Score
Percentile by Number Answered
Your Score History
You have not taken this quiz